| 000 | 00557nam a2200193 a 4500 | ||
|---|---|---|---|
| 001 | 000012544 | ||
| 005 | 20240530073914.0 | ||
| 008 | 091113s2006 dr 000 0 spa d | ||
| 020 | _a9945160168 | ||
| 040 |
_aDO-SdBNP _bspa _cBNPHU |
||
| 082 |
_aRD863.44 _bM433 |
||
| 100 | 1 |
_aMatos Moquete, Manuel, _d1944- _96349 |
|
| 245 | 1 | 4 |
_aLos pobladores del exilio / _cManuel Matos Moquete. |
| 260 |
_aSanto Domingo, : _bBúho, _c2006. |
||
| 300 |
_a237 p. ; _c21 cm. |
||
| 650 | 0 |
_aNovela dominicana _9223 |
|
| 650 | 0 |
_aLiteratura dominicana. _967 |
|
| 049 | _aBNPD | ||
| 999 |
_c12199 _d12199 |
||